| 000 | 00519nam a22001937a 4500 | ||
|---|---|---|---|
| 005 | 20231010130951.0 | ||
| 008 | 231003b |||||||| |||| 00| 0 eng d | ||
| 020 | _a9781495119453 | ||
| 082 |
_a297.1 _bQUR |
||
| 245 |
_a The Quran : _bTreasure of the Faith of Islam |
||
| 250 | _a6th ed. | ||
| 260 |
_aPakistan _c2016 _bHoly Quran Research Foundation(Trust) |
||
| 300 | _a379 | ||
| 490 | _vVOL-6 | ||
| 500 | _aInclude Index,Bibliography,Glossary | ||
| 650 | _aliterature | ||
| 700 | _aBadr Hashmi | ||
| 999 |
_c33752 _d33752 |
||